000 00821nam a22002417a 4500
005 20250128133644.0
008 250128b |||||||| |||| 00| 0 eng d
020 _a978-90-04-52978-6 (hbk)
037 _cTB
040 _aCRL
_cCRL
041 _2eng
_aeng
084 _aP157:3 111R3
_qCRL
100 _aGuha, Ambalika
_9734851
245 _aIssues in syntax of determiner phrases in bangla
260 _aLeiden, The Netherlands:
_bBrill
_c2023
300 _axiv, 130p.
365 _b89.00
_cEURO
490 _aEmpirical approaches to linguistic theory; Edited by Brian D. Joseph
650 _aLinguistics
653 _aLinguistics
942 _2CC
_cTB
_hP157:3 111R3
_n0
999 _c1238278
_d1238278